| 000 | nam a22 7a 4500 | ||
|---|---|---|---|
| 999 |
_c15308 _d15308 |
||
| 008 | 161028b xxu||||| |||| 00| 0 eng d | ||
| 020 | _a1565912187 | ||
| 050 | _aNA 1563.4 .S26 2005 | ||
| 100 | _aSang-hae,Lee | ||
| 245 |
_aSeowon : _b the architecture of Korea's private academies/ _cLee Sang-hae |
||
| 260 |
_aElizabeth, NJ : _bHollym, _cc2005 |
||
| 300 |
_a201p. : _bill. : |
||
| 500 | _aIncludes index. | ||
| 650 |
_aArchitecture _xHistory _yChoson dynasty, 1392-1910 _zKorea |
||
| 942 |
_2lcc _cBOOKS _hNA 1563.4 .S26 2005 |
||